El niño con autismo, otra manera de estar en el mundo: historias de vida reales
Saved in:
| Main Authors: | , |
|---|---|
| Format: | Bog |
| Sprog: | spansk |
| Udgivet: |
Lérida
Milenio
2010
|
| Udgivelse: | 1a. ed |
| Serier: | Colección Estilos, 6
|
| Fag: | |
| Tags: |
Tilføj Tag
Ingen Tags, Vær først til at tagge denne postø!
|
MARC
| LEADER | 00000cam a2200000 a 4500 | ||
|---|---|---|---|
| 001 | UCD5106 | ||
| 003 | CL-VaPUC | ||
| 008 | 160807e20100000sp |||||||||||||||||spa|d | ||
| 020 | |a 9788497433341 | ||
| 082 | 0 | 4 | |a 616.8982 |b PER |2 21 |
| 100 | |a Paula Pérez, Isabel |e autora |9 481259 | ||
| 700 | 0 | |a Torrents Reynés, Jordi |e author |9 588834 | |
| 245 | 1 | 3 | |a El niño con autismo, otra manera de estar en el mundo: historias de vida reales |
| 250 | |a 1a. ed | ||
| 300 | |a 109 p | ||
| 942 | |c BK | ||
| 945 | |d 20160807 22:49:00 |a arojas | ||
| 260 | |a Lérida |b Milenio |c 2010 | ||
| 650 | 0 | |a Autismo |9 307911 | |
| 650 | 0 | |a Niños |9 255605 | |
| 650 | 0 | |a Enfermedades |9 263059 | |
| 583 | |a last modification |c 20160807 22:49:00 |k Rodrigo Vera | ||
| 490 | 0 | |a Colección Estilos, 6 | |
| 999 | |c 365865 |d 365863 | ||
| 952 | |0 0 |1 0 |3 erb |4 0 |6 616_898200000000000_PER_2010 |7 0 |8 A |9 479836 |a BIBEDU |b BIBEDU |i 5335817 |o 616.8982 PER 2010 |p 5335817 |r 2019-11-24 |w 2019-11-24 |y BK |z Catalogado en:20160807 |k EDI | ||